China briefing (Record no. 9392)
[ view plain ]
| 000 -LEADER | |
|---|---|
| fixed length control field | 00687cam a22002171 4500 |
| 001 - CONTROL NUMBER | |
| JCCL Control Number | 9392 |
| 003 - CONTROL NUMBER IDENTIFIER | |
| JCCL marc code | BD-JhCC |
| 005 - DATE AND TIME OF LATEST TRANSACTION | |
| control field | 20180313181400.0 |
| 008 - FIXED-LENGTH DATA ELEMENTS--GENERAL INFORMATION | |
| fixed length control field | 700729s1968 ilv 100 0 eng |
| 035 ## - SYSTEM CONTROL NUMBER | |
| system control number | (BD-JhCC)9392 |
| 040 ## - CATALOGING SOURCE | |
| Original cataloging agency | BD-JhCC |
| Modifying agency | BD-JhCC |
| 041 ## - LANGUAGE CODE | |
| Language code of Book | eng |
| 050 00 - LIBRARY OF CONGRESS CALL NUMBER | |
| Classification number | DS777.55 |
| Item number | .C44674 |
| 082 00 - DEWEY DECIMAL CLASSIFICATION NUMBER | |
| Classification number | 320.9/51 |
| Author mark and Year | CHI 1968 |
| 245 00 - TITLE STATEMENT | |
| Title | China briefing |
| Statement of responsibility, etc | [by] Frank E. Armbruster [and others. |
| 260 ## - PUBLICATION, DISTRIBUTION, ETC. (IMPRINT) | |
| Place of publication, distribution, etc | Chicago?] |
| Name of publisher, distributor, etc | University of Chicago Center for Policy Study |
| Date of publication, distribution, etc | [1968] |
| 300 ## - PHYSICAL DESCRIPTION | |
| Pagination | 72 p. |
| Dimensions | 26 cm. |
| 500 ## - GENERAL NOTE | |
| General note | Five papers presented during a two-day briefing session organized by the University of Chicago Center for Policy Study. |
| 942 ## - ADDED ENTRY ELEMENTS (KOHA) | |
| Source of classification or shelving scheme | Dewey Decimal Classification |
| Koha item type | Books |
| Source of classification or shelving scheme | Damaged status | Not for loan | Home library | Current library | Shelving location | Total Checkouts | Full call number | Barcode | Date last seen | Copy number | Koha item type |
|---|---|---|---|---|---|---|---|---|---|---|---|
| Dewey Decimal Classification | JCC Rouf Library | JCC Rouf Library | General Stacks | 320.9/51 CHI 1968 | 12519 | 03/13/2018 | C - 1 | Books |